Estadística para psicología
Αποθηκεύτηκε σε:
| Κύριος συγγραφέας: | |
|---|---|
| Μορφή: | Βιβλίο |
| Γλώσσα: | Ισπανικά |
| Έκδοση: |
Ciudad de México
Pearson Educación
2003
|
| Έκδοση: | 1a. ed |
| Θέματα: | |
| Ετικέτες: |
Προσθήκη ετικέτας
Δεν υπάρχουν, Καταχωρήστε ετικέτα πρώτοι!
|
MARC
| LEADER | 00000nam a2200000 a 4500 | ||
|---|---|---|---|
| 001 | UCK9418 | ||
| 003 | CL-VaPUC | ||
| 008 | 060512e20030000MX |||||||||||||||||spa|d | ||
| 020 | |a 9702603471 | ||
| 082 | 0 | 4 | |a 150.727 |b GAR |2 21 |
| 100 | 0 | |a Gardner, Robert C |e author |9 499207 | |
| 245 | 1 | 0 | |a Estadística para psicología |
| 250 | |a 1a. ed | ||
| 300 | |a 307 p | ||
| 942 | |c BK | ||
| 945 | |d 20060512 00:00:00 |a cmena | ||
| 260 | |a Ciudad de México |b Pearson Educación |c 2003 | ||
| 650 | 0 | |a Psicología |9 257863 | |
| 650 | 0 | |a Estadística matemática |9 260028 | |
| 650 | 0 | |a Muestreo (Estadística) |9 270232 | |
| 650 | 0 | |a Investigación científica |9 259857 | |
| 650 | 7 | |a SPSS |2 CL-VaPUC |9 362442 | |
| 650 | 0 | |a Ciencias sociales |9 256351 | |
| 650 | 0 | |a Software |9 387312 | |
| 583 | |a last modification |c 20060512 00:00:00 |k Rodrigo Vera | ||
| 999 | |c 316625 |d 316623 | ||
| 952 | |0 0 |1 0 |4 0 |6 150_727000000000000_GAR_2003 |7 0 |8 A |9 391217 |a BIBGIM |b BIBGIM |d 2019-11-22 |i 422986K |o 150.727 GAR 2003 |p 422986K |r 2025-01-15 |w 2019-11-22 |y BK |k EST | ||
| 952 | |0 0 |1 0 |4 0 |6 150_727000000000000_GAR_2003 |7 0 |8 A |9 391218 |a BIBGIM |b BIBGIM |d 2019-11-22 |i 4229878 |o 150.727 GAR 2003 |p 4229878 |r 2025-01-15 |w 2019-11-22 |y BK |k EST | ||
| 952 | |0 0 |1 0 |4 0 |6 150_727000000000000_GAR_2003 |7 0 |8 A |9 391219 |a BIBGIM |b BIBGIM |d 2019-11-22 |i 4229886 |o 150.727 GAR 2003 |p 4229886 |r 2025-01-15 |w 2019-11-22 |y BK |k EST | ||